Kehkashaan / (Record no. 46682)

MARC details
000 -LEADER
fixed length control field 01061njm a22002897a 4500
005 - DATE AND TIME OF LATEST TRANSACTION
control field 2010091801231.0
007 - PHYSICAL DESCRIPTION FIXED FIELD--GENERAL INFORMATION
fixed length control field sd ammalaaahaa
008 - FIXED-LENGTH DATA ELEMENTS--GENERAL INFORMATION
fixed length control field 100913t xxu||||| |||| 00| 0 hin d
028 ## - PUBLISHER NUMBER
Publisher number 2675 521
Source Music India
035 ## - SYSTEM CONTROL NUMBER
System control number GR-03542
040 ## - CATALOGING SOURCE
Original cataloging agency SED/VEN
100 ## - MAIN ENTRY--PERSONAL NAME
Personal name Masani, Pinaj
9 (RLIN) 1184
245 ## - TITLE STATEMENT
Title Kehkashaan /
Statement of responsibility, etc by Pinaj Masani ; music by Rahat Ali [and] Usha Tandon
Medium [sound recording] :
246 ## - VARYING FORM OF TITLE
Title proper/short title कहकशां
260 ## - PUBLICATION, DISTRIBUTION, ETC. (IMPRINT)
Place of publication, distribution, etc Dum Dum India
Name of publisher, distributor, etc Music India
Date of publication, distribution, etc 1983
300 ## - PHYSICAL DESCRIPTION
Extent 1 sound disc [Gramophone record] :
Other physical details analog, 33 1/3 rpm
Dimensions 12.5 in. (LP)
Type of unit Gramophone Record
500 ## - GENERAL NOTE
General note Brief Record
500 ## - GENERAL NOTE
General note Record label :Music India, White
505 ## - FORMATTED CONTENTS NOTE
Formatted contents note Side-1 (Jo bhi kehna hai) (Usha Tandon) Side-२ (Raaz-e-ulfat chupa ke dekh liya) (Rahat Ali)
600 ## - SUBJECT ADDED ENTRY--PERSONAL NAME
Personal name Masani, Pinaj
9 (RLIN) 19992
650 ## - SUBJECT ADDED ENTRY--TOPICAL TERM
Topical term or geographic name as entry element Ghazals
General subdivision Excerpts
Geographic subdivision India
9 (RLIN) 19603
650 ## - SUBJECT ADDED ENTRY--TOPICAL TERM
9 (RLIN) 20612
700 ## - ADDED ENTRY--PERSONAL NAME
9 (RLIN) 19605
Personal name Rahat Ali
700 ## - ADDED ENTRY--PERSONAL NAME
Personal name Usha Tandon
9 (RLIN) 20637
942 ## - ADDED ENTRY ELEMENTS (KOHA)
Source of classification or shelving scheme Dewey Decimal Classification
Item type Gramaphone Records
Holdings
Withdrawn status Lost status Source of classification or shelving scheme Damaged status Not for loan Collection code Home library Current library Date acquired Source of acquisition Total Checkouts Barcode Date last seen Copy number Price effective from Koha item type
    Dewey Decimal Classification   Not For Loan Non-fiction Central Library Central Library 18/09/2010 SED/VEN   GR-03542 18/09/2010 1 18/09/2010 Gramaphone Records

© Delhi Public Library
Hit Counter
free hit counter